000 01928nam a22003257a 4500
005 20080612155649.0
008 080611t xxu||||| |||| 00| 0 eng d
010 _aB-262629-633
020 _a1904041760
_c495.00
035 _aB-262629-633
037 _bSuper Book Distributors/22.4.08/27/8.4.08/19.5.08/495.00/
040 _aDPL
_bEN
082 _a523.8
100 _aCooper, Chris
245 _aIllustrated A-Z of the stars & planets /
_cby Chris Cooper, Pam Spence [and] Carole Stott; edited by Iaian Nicolson
260 _bFlame Tree Publishing
_c2002
_aLondon
270 _aCrabtree Hall, Crabtree Lane, Fulham,
_bLondon
300 _a224p.:
_c25 cm (pbk)
_bcol. photos
700 _aSpence, Pam
700 _aStott, Carole
700 _aNicolson, Iain
942 _cCH
_h523.8
_2ddc
_mCOO
999 _c13584
_d13584